| 000 | 00703nam a22002297a 4500 | ||
|---|---|---|---|
| 005 | 20251108172042.0 | ||
| 008 | 250721s9999 xx 000 0 ara d | ||
| 020 | _a9775528054 | ||
| 082 | 1 | 4 | _aط/ق/عبد |
| 100 | 1 |
_aعبد الرشيد، عاطف _eمؤلف |
|
| 245 | 1 | 0 | _aقصص في الإيثار / |
| 264 | 1 |
_aالقاهرة : _bأطفالنا، |
|
| 300 | _a32ص | ||
| 490 | 0 | _aسلسلة قصص الأخلاق | |
| 650 | 1 | 7 | _aالقصص |
| 650 | 1 | 7 | _aالأخلاق الإسلامية |
| 650 | 1 | 7 | _aالإيثار |
| 653 | _aأطفال مرحلة متوسطة : ( 6 - 9 ) سنوات | ||
| 700 | 1 |
_aعبد الفتاح، عاصم _eرسام |
|
| 942 |
_2ddc _cBK |
||
| 999 |
_c69209 _d69209 |
||